Report on the International Workshop on Community Participation in Fisheries Management on Lake Victoria : (Registro nro. 18893)

Detalles MARC
000 -CABECERA
Campo de control 01609cam a2200289 a 4500
005 - FECHA Y HORA DE LA ULTIMA TRANSACCION
Campo de control 20160722155540.0
008 - ELEMENTOS DE LONGITUD FIJA—INFORMACION GENERAL
Campo de control 041130s2004 ke a b 100 0 eng
020 ## - ISBN
ISBN 2831707617
040 ## - FUENTE DE CATALOGACIÓN
Agencia catalogadora original DLC
Agencia transcriptora DLC
Agencia Modificadora DLC
-- CO-BoIAVH
041 0# - IDIOMA
Código de idioma para texto/pista de sonido o título separado Inglés
044 ## - PAÍS DE PUBLICACIÓN
País de publicación Kenia
082 00 - NUMERO DE CLASIFICACION DECIMAL DEWEY
Número de clasificación 338.3727
Número del ítem I61w
111 2# - ASIENTO PRINCIPAL--NOMBRE DE REUNION
Nombre de reunión o de jurisdicción como elemento de entrada International Workshop on Community Participation in Fisheries Management on Lake Victoria: BMU Developement on Lake Victoria
Fecha de la reunión (2003 :
Lugar de la reunión Kisumu, Kenya)
9 (RLIN) 73134
245 10 - MENCION DE TITULO
Título Report on the International Workshop on Community Participation in Fisheries Management on Lake Victoria :
Parte restante del título BMU Developement on Lake Victoria, Imperial Hotel, Kisumu, Kenya, 7-10 October 2003.
260 ## - PUBLICACION, DISTRIBUCION, ETC. (PIE DE IMPRENTA)
Lugar de publicación, distribución, etc. Nairobi, Kenya :
Nombre del editor, distribuidor, etc. IUCN Eastern Africa Regional Office :
-- Lake Victoria Fisheries Organization,
Fecha de publicación, distribución, etc. c2004.
300 ## - DESCRIPCION FISICA
Extensión viii, 187 páginas :
Otros detalles físicos ilustraciones ;
Dimensiones 25 x 18 cm.
500 ## - NOTA GENERAL
Nota general En el encabezado del título: IUCN Eastern Africa Regional Programme & Lake Victoria Fisheries Organization (LVFO); IUCN/LVFO Socio-economics of the Lake Victoria Fisheries Phase II.
500 ## - NOTA GENERAL
Nota general "This report has been compiled by S. Heck ... [et al.]."
504 ## - NOTA DE BIBLIOGRAFIA, ETC.
Nota de bibliografía Incluye referencias bibliográficas.
650 26 - ASIENTO SECUNDARIO DE MATERIA - TERMINO TEMATICO
Término temático o nombre geográfico como elemento de entrada Administración pesquera
Subdivisión geográfica Victoria, Lake
Subdivisión general Participación comunitaria
Subdivisión de forma Congresos
9 (RLIN) 73135
700 1# - ASIENTO SECUNDARIO - NOMBRE PERSONAL
Nombre personal Heck, Simon.
Término de relación compilador
9 (RLIN) 73136
710 2# - ASIENTO SECUNDARIO - NOMBRE CORPORATIVO
Nombre corporativo o de jurisdicción como elemento de entrada IUCN East Africa Regional Office.
9 (RLIN) 73137
710 2# - ASIENTO SECUNDARIO - NOMBRE CORPORATIVO
Nombre corporativo o de jurisdicción como elemento de entrada Lake Victoria Fisheries Organization.
9 (RLIN) 73138
710 2# - ASIENTO SECUNDARIO - NOMBRE CORPORATIVO
Nombre corporativo o de jurisdicción como elemento de entrada IUCN Eastern Africa Programme.
9 (RLIN) 37019
710 2# - ASIENTO SECUNDARIO - NOMBRE CORPORATIVO
Nombre corporativo o de jurisdicción como elemento de entrada IUCN/LVFO Socio-economics of the Lake Victoria Fisheries Phase II.
9 (RLIN) 73139
942 ## - ELEMENTOS ADICIONALES (KOHA)
Sistema de clasificación Dewey Decimal Classification
Tipo de ítem Libro
Existencias
Withdrawn status Lost status Sistema de Clasificación Damaged status No para préstamo Colección Inventariado Ubicación Permanente Ubicación actual Fecha de adquisición Fuente de Valor Valor Total Checkouts Número topográfico Inventario / Código de Barras Date last seen Ejemplar Price effective from Forma de adquisición Tipo de material
    Dewey Decimal Classification     General Inventariado 2017 Bogotá Bogotá 22/07/2016 Instituto 39000.00   LB-338.3727 I61w 040557 22/07/2016 Ej. 1 22/07/2016 Donación Libro